[Event "AUT-chT2W 1011"]
[Site "Austria"]
[Date "2011.03.11"]
[Round "9.5"]
[White "Donegani, Hans Peter"]
[Black "Bezler, Rainer"]
[Result "1/2-1/2"]
[WhiteElo "2103"]
[BlackElo "2269"]
[PlyCount "65"]
[EventDate "2010.10.15"]
[EventType "team-tourn"]
[EventRounds "11"]
[EventCountry "AUT"]
[SourceTitle "EXT 2012"]
[Source "ChessBase"]
[SourceDate "2011.11.24"]
[SourceVersion "1"]
[SourceVersionDate "2011.11.24"]
[SourceQuality "1"]
[WhiteTeam "Mozart"]
[BlackTeam "Bregenz"]
[WhiteTeamCountry "AUT"]
[BlackTeamCountry "AUT"]

1. e4 d6 2. d4 Nf6 3. Nc3 e5 4. Nf3 Nbd7 5. Bc4 Be7 6. 0-0 0-0 7. Re1 c6 8. a4 b6 9. d5 cxd5 10. Nxd5 Bb7 11. Re2 Rc8 12. b3 Nxd5 13. Bxd5 Ba6 14. c4 Nf6 15. Ba3 Qc7 16. Raa2 Nxd5 17. Qxd5 Bb7 18. Qd3 f5 19. Nd2 fxe4 20. Nxe4 d5 21. Nd2 Rfd8 22. Bxe7 Qxe7 23. Qe3 dxc4 24. Nxc4 Qg5 25. f4 exf4 26. Qe6+ Kh8 27. Red2 f3 28. Rxd8+ Qxd8 29. Nd6 f2+ 30. Rxf2 Rc1+ 31. Rf1 Rxf1+ 32. Kxf1 Qf8+ 33. Ke1 1/2-1/2

[Event "AUT-chT2M 9900"]
[Site "Austria"]
[Date "2000.03.18"]
[Round "10.6"]
[White "Donegani, Hans Peter"]
[Black "Aigner, Gerhard"]
[Result "0-1"]
[WhiteElo "2105"]
[BlackElo "1890"]
[PlyCount "56"]
[EventDate "1999.??.??"]
[EventType "team"]
[EventRounds "11"]
[EventCountry "AUT"]
[SourceTitle "EXT 2004"]
[Source "ChessBase"]
[SourceDate "2003.11.25"]
[SourceVersion "1"]
[SourceVersionDate "2003.11.25"]
[SourceQuality "1"]

1. e4 e6 2. d4 d5 3. Nd2 Nf6 4. e5 Nfd7 5. Bd3 c5 6. c3 Nc6 7. Ne2 cxd4 8. cxd4 Qb6 9. Nf3 Bb4+ 10. Kf1 f6 11. exf6 Nxf6 12. h4 0-0 13. Bg5 e5 14. Bxf6 Rxf6 15. Qb3 Be6 16. a3 e4 17. Ng3 exf3 18. axb4 fxg2+ 19. Kxg2 Qxd4 20. f3 Raf8 21. Rad1 Qf4 22. Rhf1 Rh6 23. h5 Rhf6 24. Qc2 h6 25. Bh7+ Kh8 26. b5 Ne5 27. Bd3 Nxf3 28. Be2 Bh3+ 0-1

[Event "AUT-chT2M 9900"]
[Site "Austria"]
[Date "1999.10.23"]
[Round "2.6"]
[White "Hackbarth, Christa"]
[Black "Donegani, Hans Peter"]
[Result "0-1"]
[WhiteElo "1817"]
[BlackElo "2105"]
[PlyCount "64"]
[EventDate "1999.??.??"]
[EventType "team"]
[EventRounds "11"]
[EventCountry "AUT"]
[SourceTitle "EXT 2004"]
[Source "ChessBase"]
[SourceDate "2003.11.25"]
[SourceVersion "1"]
[SourceVersionDate "2003.11.25"]
[SourceQuality "1"]

1. d4 Nf6 2. Nf3 g6 3. Bf4 Bg7 4. e3 0-0 5. Be2 d6 6. h3 c5 7. c3 b6 8. Nbd2 Bb7 9. 0-0 Nbd7 10. Bh2 Re8 11. Qc2 Rc8 12. Rfd1 Qc7 13. a4 a6 14. Ne1 Bh6 15. Bf3 Nd5 16. Qb1 c4 17. Nc2 b5 18. axb5 axb5 19. Na3 Qb6 20. Qc2 N7f6 21. Re1 e5 22. Rad1 e4 23. Bxe4 Nxe4 24. Nxe4 Rxe4 25. Qxe4 Nxc3 26. Qc2 Nxd1 27. Rxd1 d5 28. Nb1 b4 29. Bg3 Ra8 30. f4 Ra2 31. Be1 c3 32. Qb3 Rxb2 0-1

[Event "AUT-chT2M 9899"]
[Site "Austria"]
[Date "1998.11.28"]
[Round "2"]
[White "Hackbarth, Christa"]
[Black "Donegani, Hans Peter"]
[Result "1-0"]
[WhiteElo "2005"]
[BlackElo "2115"]
[PlyCount "63"]
[EventDate "1998.11.??"]
[EventType "team-swiss"]
[EventRounds "11"]
[EventCountry "AUT"]
[SourceTitle "EXT 2000"]
[Source "ChessBase"]
[SourceDate "1999.11.16"]
[SourceVersion "1"]
[SourceVersionDate "1999.11.16"]
[SourceQuality "1"]

1. d4 Nf6 2. Nf3 g6 3. Bf4 Bg7 4. e3 0-0 5. Be2 d6 6. h3 c5 7. c3 Nc6 8. 0-0 Qb6 9. Qb3 Be6 10. Qxb6 axb6 11. Nbd2 Bxa2 12. Nc4 Nd7 13. Bg5 Rfe8 14. Nfd2 h6 15. Bh4 Bxc4 16. Bxc4 e5 17. Ne4 Bf8 18. d5 g5 19. Bg3 Rxa1 20. Rxa1 Ncb8 21. Ra7 f5 22. Nd2 f4 23. Bh2 Nf6 24. Rxb7 Nbd7 25. Bb5 Rd8 26. e4 h5 27. f3 g4 28. hxg4 hxg4 29. Kf1 g3 30. Bg1 Ra8 31. Ke2 Ra1 32. Nf1 1-0

[Event "AUT-chT2M 9899"]
[Site "Austria"]
[Date "1998.11.27"]
[Round "1"]
[White "Becker, Christoph"]
[Black "Donegani, Hans Peter"]
[Result "1-0"]
[WhiteElo "1977"]
[BlackElo "2115"]
[PlyCount "57"]
[EventDate "1998.11.??"]
[EventType "team-swiss"]
[EventRounds "11"]
[EventCountry "AUT"]
[SourceTitle "EXT 2000"]
[Source "ChessBase"]
[SourceDate "1999.11.16"]
[SourceVersion "1"]
[SourceVersionDate "1999.11.16"]
[SourceQuality "1"]

1. d4 Nf6 2. Bg5 c5 3. d5 Qb6 4. Nc3 Qxb2 5. Bd2 Qb6 6. e4 d6 7. f4 g6 8. e5 dxe5 9. fxe5 Nfd7 10. Nf3 Bg7 11. Rb1 Qd8 12. e6 fxe6 13. Ng5 Ne5 14. Bb5+ Kf8 15. 0-0+ Bf6 16. Bf4 Nf7 17. Qf3 Nxg5 18. Bxg5 Kg7 19. Bxf6+ exf6 20. dxe6 Qd4+ 21. Kh1 a6 22. Bd7 Nxd7 23. Rbd1 Qe5 24. exd7 Rd8 25. Rde1 Qg5 26. dxc8Q Raxc8 27. Qxb7+ Kf8 28. Ne4 Qh6 29. Nxf6 1-0

[Event "Schwarzach op-A"]
[Site "Schwarzach"]
[Date "1998.08.28"]
[Round "7"]
[White "Scholz, Franz Peter"]
[Black "Donegani, Hans Peter"]
[Result "1/2-1/2"]
[WhiteElo "2200"]
[BlackElo "2115"]
[PlyCount "25"]
[EventDate "1998.08.30"]
[EventType "swiss"]
[EventRounds "9"]
[EventCountry "AUT"]
[SourceTitle "EXT 2000"]
[Source "ChessBase"]
[SourceDate "1999.11.16"]
[SourceVersion "1"]
[SourceVersionDate "1999.11.16"]
[SourceQuality "1"]

1. c4 Nf6 2. Nf3 g6 3. g3 Bg7 4. Bg2 0-0 5. 0-0 Nc6 6. d4 d5 7. cxd5 Nxd5 8. Nc3 Nb6 9. h3 e5 10. dxe5 Nxe5 11. Nxe5 Bxe5 12. Bh6 Re8 13. Qxd8 1/2-1/2

[Event "Passau op 6th"]
[Site "Passau"]
[Date "1998.04.12"]
[Round "5"]
[White "Fischer, Gerold"]
[Black "Donegani, Hans Peter"]
[Result "0-1"]
[WhiteElo "1895"]
[BlackElo "2100"]
[PlyCount "111"]
[EventDate "1998.04.10"]
[EventType "swiss"]
[EventRounds "7"]
[EventCountry "GER"]
[SourceTitle "EXT 1999"]
[Source "ChessBase"]
[SourceDate "1998.11.16"]
[SourceVersion "1"]
[SourceVersionDate "1998.11.16"]
[SourceQuality "1"]

1. e4 d5 2. exd5 Qxd5 3. Nc3 Qa5 4. Bc4 Nf6 5. d4 Bg4 6. f3 Bf5 7. Bd2 Qb4 8. b3 Qd6 9. Nge2 e6 10. a4 a6 11. Bf4 Qd7 12. g4 Bg6 13. h4 h5 14. g5 Nd5 15. Nxd5 exd5 16. Bd3 Bxd3 17. Qxd3 Nc6 18. c3 Ne7 19. Ng3 0-0-0 20. Bd2 g6 21. Kf2 Bg7 22. Rae1 Rde8 23. Kg2 Nc6 24. Rxe8+ Rxe8 25. Re1 Rxe1 26. Bxe1 Qe7 27. Qe2 Kd7 28. Qxe7+ Nxe7 29. Kf2 Ke6 30. Ke3 f6 31. f4 b5 32. axb5 axb5 33. b4 Nc8 34. Nf1 Nd6 35. Kf3 Bf8 36. Ne3 Be7 37. Nf1 c6 38. Ne3 Bd8 39. Nf1 Bc7 40. Ne3 Bb8 41. Nf1 Nf5 42. Ne3 Nxe3 43. Kxe3 Kf5 44. Kf3 Bxf4 45. gxf6 Bd6 46. f7 Kf6 47. Bg3 Bf8 48. Bc7 Kxf7 49. Bf4 Be7 50. Bg3 Ke6 51. Bf2 Kf5 52. Bg3 Bf8 53. Bf4 Be7 54. Bg3 g5 55. hxg5 Bxg5 56. Be1 0-1

[Event "AUT-chT2W 9798"]
[Site "Austria"]
[Date "1998.??.??"]
[Round "8"]
[White "Haemmerle, Dietmar"]
[Black "Donegani, Hans Peter"]
[Result "1/2-1/2"]
[WhiteElo "1870"]
[BlackElo "2120"]
[PlyCount "59"]
[EventDate "1997.??.??"]
[EventType "team"]
[EventRounds "11"]
[EventCountry "AUT"]
[SourceTitle "EXT 1999"]
[Source "ChessBase"]
[SourceDate "1998.11.16"]
[SourceVersion "1"]
[SourceVersionDate "1998.11.16"]
[SourceQuality "1"]

1. Nf3 Nf6 2. c4 g6 3. Nc3 d5 4. cxd5 Nxd5 5. e4 Nxc3 6. bxc3 Bg7 7. d4 0-0 8. Be2 c5 9. 0-0 Nc6 10. Be3 Qa5 11. Qb3 Bg4 12. Rfd1 Rad8 13. dxc5 Bxc3 14. Rac1 Rxd1+ 15. Rxd1 Qb4 16. h3 Qxb3 17. axb3 Be6 18. Rc1 Bb4 19. Bc4 Bxc4 20. Rxc4 Rd8 21. Nd4 a5 22. Nxc6 bxc6 23. Rd4 Rxd4 24. Bxd4 Kf8 25. Kf1 Ke8 26. Ke2 Kd7 27. Kd3 Ke6 28. f3 f5 29. g4 fxg4 30. fxg4 1/2-1/2

[Event "AUT-chT2W 9798"]
[Site "Austria"]
[Date "1997.??.??"]
[Round "3"]
[White "Donegani, Hans Peter"]
[Black "Kranewitter, Norbert"]
[Result "1/2-1/2"]
[WhiteElo "2120"]
[BlackElo "2250"]
[PlyCount "44"]
[EventDate "1997.??.??"]
[EventType "team"]
[EventRounds "11"]
[EventCountry "AUT"]
[SourceTitle "EXT 1999"]
[Source "ChessBase"]
[SourceDate "1998.11.16"]
[SourceVersion "1"]
[SourceVersionDate "1998.11.16"]
[SourceQuality "1"]

1. e4 c6 2. c4 d5 3. exd5 cxd5 4. cxd5 Nf6 5. Bb5+ Nbd7 6. Nc3 a6 7. Qa4 Rb8 8. Bxd7+ Bxd7 9. Qb3 b5 10. d3 Bf5 11. Bf4 Rc8 12. Rd1 b4 13. Ne4 Nxd5 14. Nd6+ exd6 15. Qxd5 Qf6 16. Nf3 Be6 17. Qe4 d5 18. Qd4 Qxd4 19. Nxd4 Bg4 20. f3 Bd7 21. Kd2 f6 22. Rc1 Bc5 1/2-1/2

[Event "AUT-chT2W 9697"]
[Site "Austria"]
[Date "1997.??.??"]
[Round "8"]
[White "Donegani, Hans Peter"]
[Black "Kranz, Armin"]
[Result "1/2-1/2"]
[WhiteElo "2120"]
[BlackElo "2125"]
[PlyCount "67"]
[EventDate "1996.??.??"]
[EventType "team"]
[EventRounds "11"]
[EventCountry "AUT"]
[SourceTitle "EXT 1998"]
[Source "ChessBase"]
[SourceDate "1997.11.17"]
[SourceVersion "1"]
[SourceVersionDate "1997.11.17"]
[SourceQuality "1"]

1. e4 e5 2. Nf3 Nc6 3. c3 Nf6 4. d4 Nxe4 5. d5 Nb8 6. Nxe5 Be7 7. Qg4 d6 8. Qxg7 Rf8 9. Bb5+ Nd7 10. Qxh7 Nef6 11. Nxd7 Bxd7 12. Qd3 c6 13. dxc6 bxc6 14. Ba4 Qa5 15. b3 0-0-0 16. Bd2 Rde8 17. Na3 d5 18. Nc2 Bd6+ 19. Be3 Ne4 20. 0-0-0 Nxc3 21. Bd2 Nxa2+ 22. Kb1 Nb4 23. Qc3 Bf5 24. Rc1 Qb6 25. Be3 c5 26. g4 Bg6 27. h4 Re4 28. h5 Bh7 29. Qg7 Nxc2 30. Rxc2 Rxa4 31. Qxh7 Qxb3+ 32. Rb2 Qa3 33. Qf5+ Kc7 34. Qxd5 1/2-1/2

[Event "Werfen op-A"]
[Site "Werfen"]
[Date "1996.??.??"]
[Round "3"]
[White "Donegani, Hans Peter"]
[Black "Mikac, Matjaz"]
[Result "0-1"]
[WhiteElo "2120"]
[BlackElo "2440"]
[PlyCount "90"]
[EventDate "1996.08.??"]
[EventType "swiss"]
[EventRounds "9"]
[EventCountry "AUT"]
[SourceTitle "EXT 2000"]
[Source "ChessBase"]
[SourceDate "1999.11.16"]
[SourceVersion "1"]
[SourceVersionDate "1999.11.16"]
[SourceQuality "1"]

1. e4 e5 2. Nf3 Nc6 3. c3 Nf6 4. d4 Nxe4 5. d5 Ne7 6. Nxe5 Ng6 7. Nxg6 hxg6 8. Qe2 Qe7 9. Bf4 Rh5 10. g3 d6 11. Na3 Nf6 12. c4 Bg4 13. Qxe7+ Bxe7 14. Be2 Bxe2 15. Kxe2 Rh3 16. Kf3 Kd7 17. Rae1 Rah8 18. Nb5 a6 19. Nc3 Rxh2 20. Rxh2 Rxh2 21. b4 g5 22. Be3 g4+ 23. Ke2 Nh7 24. Kd3 Ng5 25. Rc1 Nf3 26. c5 Rh5 27. a4 Ne5+ 28. Ke2 Bg5 29. Bxg5 Rxg5 30. cxd6 cxd6 31. b5 Rf5 32. bxa6 bxa6 33. Rb1 Kc7 34. Ne4 Nf3 35. Rb7+ Kxb7 36. Nxd6+ Kb6 37. Nxf5 Ka5 38. Kd3 Kxa4 39. d6 Ne5+ 40. Kd4 Nd7 41. Kc4 Ka5 42. Ne3 Kb6 43. Nd5+ Kb7 44. Ne7 g6 45. Nd5 Nb6+ 0-1